Linear algebra (Record no. 2685)

000 -LEADER
fixed length control field 00586nam a22002057a 4500
003 - CONTROL NUMBER IDENTIFIER
control field OSt
005 - DATE AND TIME OF LATEST TRANSACTION
control field 20160810163438.0
008 - FIXED-LENGTH DATA ELEMENTS--GENERAL INFORMATION
fixed length control field 140923b xxu||||| |||| 00| 0 eng d
020 ## - INTERNATIONAL STANDARD BOOK NUMBER
International Standard Book Number 0201154595 :
050 ## - LIBRARY OF CONGRESS CALL NUMBER
Classification number QA184 .F73 1995
100 ## - MAIN ENTRY--PERSONAL NAME
Personal name Fraleigh, John B.
245 ## - TITLE STATEMENT
Title Linear algebra
Statement of responsibility, etc John B. Fraleigh, Raymond A. Beauregard
250 ## - EDITION STATEMENT
Edition statement 3rd ed.
260 ## - PUBLICATION, DISTRIBUTION, ETC. (IMPRINT)
Place of publication, distribution, etc USA
Name of publisher, distributor, etc Addison-Wesley Publishing Company
Date of publication, distribution, etc 2014
300 ## - PHYSICAL DESCRIPTION
Extent xii, various pages:
Other physical details ill. ;
Dimensions 24 cm
504 ## - BIBLIOGRAPHY, ETC. NOTE
Bibliography, etc Includes index.
650 ## - SUBJECT ADDED ENTRY--TOPICAL TERM
Topical term or geographic name as entry element Algebras, Linear.
700 ## - ADDED ENTRY--PERSONAL NAME
Personal name Beauregard, Raymond A.
942 ## - ADDED ENTRY ELEMENTS (KOHA)
Source of classification or shelving scheme
Koha item type Book
Holdings
Withdrawn status Lost status Source of classification or shelving scheme Damaged status Not for loan Home library Current library Shelving location Date acquired Total Checkouts Full call number Barcode Date last seen Date checked out Copy number Price effective from Koha item type
          Riara University Library Riara University Library General stack 10/08/2016 1 QA184 .F73 1995 7767/16 07/02/2018 22/01/2018 C.1 10/08/2016 Book

Riara University Library,
P.O. Box 49940-00100,
Nairobi, Kenya.